Регионална библиотека "Любен Каравелов" - Русе

Записки от ада (Запис номер 89456)

MARC детайли
000 -Лидер
Контролно поле с фиксирана дължина 02603nam a2200421 c 4500
003 - Код на организацията, давaща контролен номер
Контролно поле BLK
005 - Дата и час на последна редакция
Контролно поле 20250106110440.0
008 - Елементи от данни с фиксирана дължина
fixed length control field 180408b bul|||||r ||||||| ||bul||
010 ## - Наследен системен номер
LC control number KNG00094156000
020 ## - Международен стандартен номер на книга ISBN
Международен стандартен номер на книга ISBN 978-954-26-0822-6
-- издат.: Хермес
040 ## - Източник на каталожния запис
Идентификатор на билиотеката - собственик на записа BLK
041 ## - Код за език
Код за езика на текст/звукозапис или на отделно заглавие Български
Код за езика КДБФ Български
080 ## - УДК
Текстов определител УДК Българска литература
УДК код - определител по УДК 821.163.2
УДК определител -94
УДК - код + определител 821.163.2-94
080 ## - УДК
Текстов определител УДК Лекарска професия. Медицински работници. Мед. деонтология. Медицинско право - Права, задължения, условия за практикуване на професията, апробация, морал и етика, взаимоотношения с колеги и па
УДК код - определител по УДК 614.23/.26
УДК определител (497.2)(092)(0:82-94)
УДК - код + определител 614.23/.26(497.2)(092)(0:82-94)
080 ## - УДК
Текстов определител УДК Заведения за изпълнение на наказанието. Заведения за трудова терапия - Затвори, принудителна работа, наказателни колонии, концентрационни лагери, възпитателни заведения и др.
УДК код - определител по УДК 343.81
УДК определител (612)(0:82-94)
УДК - код + определител 343.81(612)(0:82-94)
080 ## - УДК
Текстов определител УДК Българска медицинска сестра
УДК код - определител по УДК 929 Червеняшка, Валя Георгиева
УДК определител
УДК - код + определител 929 Червеняшка, Валя Георгиева
100 1# - Редна дума - Автор
Автор Червеняшка, Валя Георгиева
Авторска отговорност първи автор
R(LIN) 141338
139 ## - Редно поле
Редна дума Червеняшка, Валя Георгиева и др.
Авторски знак Червен - Ч 67
245 10 - Сведения за заглавието
Заглавие Записки от ада
Подзаглавни данни Ужасите в либийските затвори
Редно поле (дума) Валя Георгиева Червеняшка; съавт. Николай Йорданов Йорданов.
257 ## - Страна на издаване
Страна на създаване/издаване България
260 ## - Област на издателските данни
-- Пловдив
Име на издателя, разпространителя и проч. Хермес
Година на издаване 2009
Печатница Хасково : Полиграфюг
300 ## - Физическа характеристика
Страници 200 с.
Илюстрации и др. със сн.
Размери/Мащаб 20 см
380 ## - Жанр
Жанр Худож. лит.
500 ## - Общи забележки
Забележка Съдържа и За авторите.
600 14 - Име на лице, използвано като предмет
За него / За нея Червеняшка, Валя Георгиева
9 (RLIN) 141338
650 #4 - Допълнително описание по предмет – тема
Основно описание – тема или топоним Червеняшка, Валя Георгиева
9 (RLIN) 141338
651 #4 - Допълнително описание по предмет - топоним
Географско понятие Бенгази
9 (RLIN) 178612
651 #4 - Допълнително описание по предмет - топоним
Географско понятие Либия
9 (RLIN) 179136
653 ## - Ключова дума – ненормативна
Ключова дума медицински сестри
653 ## - Ключова дума – ненормативна
Ключова дума спомени
700 1# - Други автори (авторска отговорност)
Лично име Йорданов, Николай Йорданов
Автороска отговорност (Описва отношението между автора и произведението) съавт.
9 (RLIN) 303617
852 ## - Местоположение
Форматна сигнатура Цб 247045
856 4# - Електронен адрес и достъп
Електронен формат pdf - файл
Път до файла /url/
856 4# - Електронен адрес и достъп
Електронен формат pdf - файл
Път до файла /url/
942 ## - АРТИКУЛИ
Вид на библиотечния материал Книги
Скрит в OPAC Не
Koha issues (borrowed), all copies 10
944 ## - СЪЗДАВАНЕ И РЕДАКЦИЯ на ЗАПИСА
Създаване/Редакция Създаване
Дата на регистрацията/редакция 08.02.2010
Статус, дата на статуса Минев Младен
Служител, извършил регистрацията/редакцията 30530
944 ## - СЪЗДАВАНЕ И РЕДАКЦИЯ на ЗАПИСА
Създаване/Редакция Редакция
Дата на регистрацията/редакция 01.12.2012
Статус, дата на статуса ф /
Служител, извършил регистрацията/редакцията
999 ## - СИСТЕМНИ КОНТРОЛНИ НОМЕРА
Koha biblionumber 89456
Koha biblioitemnumber 89456
Наличности
Код за отписване Код за изгубен артикул Източник на класификационната схема Код за повреда Коз за рестрикции Код за отдаване Артикулен № Име на библиотеката - собственик Име на библиотеката, в която се намира в момента Статус (Текущо местоположение) Дата на вписване в системата Местоположение - отдел Цена в лева Инвентарен номер Систематично азбучна сигнатура Баркод Номер на екземпляра Цена в евро Служебна бележка Служебен тип на артикула
  Не е изгубен Universal Decimal Classification Не е повреден без рестрикции заемане за дома 144850 Регионална библиотека "Любен Каравелов" Русе Регионална библиотека "Любен Каравелов" Русе Заемна - подръчен фонд 2010-02-08 Заемна - подръчен фонд 9.95 120000741983 П 821.163.2-9/Ч 67 120000741983 1 5.09 Дост: Pk Вид: Ф N: 363 Дата: 08.02.2010 Дата инв: 09.02.2018 Бележки инв: П2018 Книги
  Не е изгубен   Не е повреден без рестрикции ползва се в читалня 144851 Регионална библиотека "Любен Каравелов" Русе Регионална библиотека "Любен Каравелов" Русе Хранилище 2010-10-21 Хранилище 9.95 120000746700 Цб 247045 120000746700 2 5.09 Дост: Dp Вид: Д N: 7 Дата: 03.02.2010 Книги
  Не е изгубен   Не е повреден без рестрикции заемане за дома 144852 Регионална библиотека "Любен Каравелов" Русе Регионална библиотека "Любен Каравелов" Русе Заемна - подръчен фонд 2012-11-21 Заемна - подръчен фонд 5.00 120000761110 П 886.7-9/Ч 67 120000761110 3 2.56 Дост: Pk Вид: Ф N: 820000048 Дата: 09.11.2012 Дата инв: 09.02.2018 Бележки инв: П2018 Книги
  Не е изгубен   Не е повреден без рестрикции заемане за дома 144853 Регионална библиотека "Любен Каравелов" Русе Регионална библиотека "Любен Каравелов" Русе Заемна - подръчен фонд 2012-11-21 Заемна - подръчен фонд 5.00 120000761111 П 886.7-9/Ч 67 120000761111 4 2.56 Дост: Pk Вид: Ф N: 820000048 Дата: 09.11.2012 Дата инв: 09.02.2018 Бележки инв: П2018 Книги
Vip Innovations Ltd, Rousse, Bulgaria 2025